000 00453nam a22002057a 4500
001 21569
005 20260317163638.0
008 260317b |||||||| |||| 00| 0 spa d
041 _aESP
082 _a742
_bB163
100 _aBoerboom, Peter
245 _aDibujar el espacio
260 _a :
_b ,
_c2018
300 _a160 páginas :
_b ;
_c21 cm.
440 _a ;
650 _aADE
654 _aCAU
700 _a;
942 _cLIB
_dJUS
_fJUS
_2ddc
999 _c21569
_d21569